| 000 | 00000nam 2200000zi 4500 |
| 001 | 9.939116 |
| 003 | CaOODSP |
| 005 | 20240719110721 |
| 006 | m o d f |
| 007 | cr |n||||||||| |
| 008 | 240607e202407 oncdb ob f000 0 fre d |
| 020 | |a9780660722665 |
| 040 | |aCaOODSP|bfre|erda|cCaOODSP |
| 043 | |an-cn--- |
| 086 | 1 |aFs70-7/2024-029F-PDF |
| 245 | 00|aRévision du stock de capucette (Menidia menidia) en 2023 dans le sud du golfe du Saint-Laurent. |
| 246 | 17|aRéponse des sciences : |bstocks de capucette |
| 264 | 1|aOttawa : |bSecrétariat canadien de consultation scientifique, |cjuillet 2024. |
| 264 | 4|c©2024 |
| 300 | |a1 ressource en ligne (20 pages) : |bcartes, graphiques. |
| 336 | |atexte|btxt|2rdacontent/fre |
| 337 | |ainformatique|bc|2rdamedia/fre |
| 338 | |aressource en ligne|bcr|2rdacarrier/fre |
| 490 | 1 |aRéponse des sciences, |x1919-3815 ; |v2024/029 |
| 500 | |aPublié aussi en anglais sous le titre : Southern Gulf of St. Lawrence Atlantic silverside (Menidia menidia) stock review in 2023. |
| 500 | |aTitre de départ. |
| 504 | |aComprend des références bibliographiques (pages 15-16). |
| 650 | 6|aCapucette|zSaint-Laurent, Golfe du. |
| 650 | 6|aRessources halieutiques|xÉvaluation|zSaint-Laurent, Golfe du. |
| 710 | 1 |aCanada. |bMinistère des pêches et des océans. |bRégion du golfe, |eorganisme de publication. |
| 710 | 2 |aSecrétariat canadien de consultation scientifique, |eorganisme de publication. |
| 775 | 08|tSouthern Gulf of St. Lawrence Atlantic silverside (Menidia menidia) stock review in 2023.|w(CaOODSP)9.939114 |
| 830 | #0|aRéponse des sciences (Secrétariat canadien de consultation scientifique)|v2024/029.|w(CaOODSP)9.502630 |
| 856 | 40|qPDF|s1.98 Mo|uhttps://publications.gc.ca/collections/collection_2024/mpo-dfo/fs70-7/Fs70-7-2024-029-fra.pdf |